Современные методы геологической интерпретации геофизических данных при решении задач поисков и разведки залежей нефти и газа: тезисы докладов Всесоюзного совещания, Краснодар, 3-6 октября 1989 г.

Dettagli Bibliografici
Enti autori: Академия наук СССР (АН СССР) Институт геологии и разработки горючих ископаемых (ИГиРГИ), Всесоюзное научно-техническое общество работников нефтяной и газовой промышленности имени академика И. М. Губкина, Современные методы геологической интерпретации геофизических данных при решении задач поисков и разведки залежей нефти и газа совещание
Lingua:russo
Pubblicazione: Москва, [Б. и.], 1989
Soggetti:
Natura: Libro
KOHA link:https://koha.lib.tpu.ru/cgi-bin/koha/opac-detail.pl?biblionumber=255554

MARC

LEADER 00000nam0a2200000 4500
001 255554
005 20231101233033.0
020 |a RU  |b 89-62429 
035 |a (RuTPU)RU\TPU\book\278070 
090 |a 255554 
100 |a 20140329d1989 k y0rusy5003 ca 
101 0 |a rus 
102 |a RU 
105 |a y z 100zy 
200 1 |a Современные методы геологической интерпретации геофизических данных при решении задач поисков и разведки залежей нефти и газа  |e тезисы докладов Всесоюзного совещания, Краснодар, 3-6 октября 1989 г.  |f Академия наук СССР (АН СССР), Институт геологии и разработки горючих ископаемых (ИГиРГИ) ; Всесоюзное научно-техническое общество работников нефтяной и газовой промышленности имени академика И. М. Губкина 
210 |a Москва  |c [Б. и.]  |d 1989 
215 |a 114,[1] с.  |d 20 см 
606 1 |a Нефтегазоносность  |x Геофизические методы разведки  |2 stltpush  |3 (RuTPU)RU\TPU\subj\45592  |9 64785 
610 1 |a геофизическая разведка 
610 1 |a нефтяные месторождения 
610 1 |a газовые месторождения 
610 1 |a поиски 
610 1 |a геолого-геофизические данные 
610 1 |a интерпретация 
610 1 |a региональные геологические модели 
610 1 |a детальные геологические модели 
610 1 |a построение 
610 1 |a ловушки 
610 1 |a неантиклинальный тип 
610 1 |a прогнозирование 
610 1 |a совещания 
675 |a 553.98:550.83(063)  |z rus  |v 3 
712 0 2 |a Академия наук СССР (АН СССР)  |b Институт геологии и разработки горючих ископаемых (ИГиРГИ)  |c (Москва)  |c (1958-????)  |2 stltpush  |3 (RuTPU)RU\TPU\col\13483 
712 0 2 |a Всесоюзное научно-техническое общество работников нефтяной и газовой промышленности имени академика И. М. Губкина  |2 stltpush  |3 (RuTPU)RU\TPU\col\18214 
712 1 2 |a Современные методы геологической интерпретации геофизических данных при решении задач поисков и разведки залежей нефти и газа  |b совещание  |e Краснодар  |f 1989 
801 0 |a RU  |b RuMRKP  |c 19960704  |g psbo 
801 1 |a RU  |b 63413507  |c 20140329 
801 2 |a RU  |b 63413507  |c 20140616  |g RCR 
942 |c BK